| 000 | 00755 a2200193 4500 | ||
|---|---|---|---|
| 020 | _a0521663962 | ||
| 020 | _a9780521663960 | ||
| 082 | 0 | 4 | _a532.05 |
| 090 |
_c336 _d336 |
||
| 100 | 1 | _aBatchelor, G. K. | |
| 245 | 1 | 3 |
_aAn introduction to fluid dynamics / _cG. K. Batchelor. |
| 260 |
_a[S.l.] : _bCambridge University Press, _c2005. |
||
| 300 |
_a660 p. ; _c23 cm. |
||
| 490 | 1 | _aCambridge mathematical library. | |
| 830 | 0 | _aCambridge mathematical library. | |
| 942 |
_aSNS _cBK _k532.05 BAT |
||
| 999 |
_c28971 _d28971 |
||